UM Logo

Introduction to modeling and simulation : (Record no. 19208)

MARC details
000 -LEADER
fixed length control field 00670nam a2200181 4500
008 - FIXED-LENGTH DATA ELEMENTS--GENERAL INFORMATION
fixed length control field 240219b ||||| |||| 00| 0 eng d
020 ## - INTERNATIONAL STANDARD BOOK NUMBER
International Standard Book Number 9781119982883
082 ## - DEWEY DECIMAL CLASSIFICATION NUMBER
Classification number DC 620.00113
Item number Sp66 2023
100 ## - MAIN ENTRY--PERSONAL NAME
Personal name Spong, Mark W.
Relator term author.
9 (RLIN) 52690
245 ## - TITLE STATEMENT
Title Introduction to modeling and simulation :
Remainder of title a systems approach /
Statement of responsibility, etc. Mark W. Spong.
260 ## - PUBLICATION, DISTRIBUTION, ETC. (IMPRINT)
Place of publication, distribution, etc. Hoboken, NJ :
Name of publisher, distributor, etc. WILEY,
Date of publication, distribution, etc. ©2023.
300 ## - PHYSICAL DESCRIPTION
Extent xvii, 414 pages :
Other physical details illustrations ;
Dimensions 24 cm.
500 ## - GENERAL NOTE
General note Includes bibliographical references and index.<br/>
650 ## - SUBJECT ADDED ENTRY--TOPICAL TERM
Topical term or geographic name as entry element Engineering models.
9 (RLIN) 50671
650 ## - SUBJECT ADDED ENTRY--TOPICAL TERM
Topical term or geographic name as entry element Engineering
General subdivision Mathematical models.
9 (RLIN) 52691
650 ## - SUBJECT ADDED ENTRY--TOPICAL TERM
Topical term or geographic name as entry element Computer simulation.
9 (RLIN) 52692
942 ## - ADDED ENTRY ELEMENTS (KOHA)
Source of classification or shelving scheme Dewey Decimal Classification
Koha item type Circulation
Holdings
Withdrawn status Lost status Source of classification or shelving scheme Damaged status Not for loan Collection code Home library Current library Date acquired Source of acquisition Cost, normal purchase price Total Checkouts Full call number Barcode Date last seen Price effective from Koha item type
    Dewey Decimal Classification     Circulation UM Digos College - LIC UM Digos College - LIC 07/19/2023 Purchased 13090.00   DC 620.00113 Sp66 2023 27855 05/15/2025 02/19/2024 Circulation